| 000 | 00660cam a22002293a 4500 | ||
|---|---|---|---|
| 001 | 2838 | ||
| 003 | PGUSA | ||
| 005 | 20140828083022.0 | ||
| 008 | 010901s2001||||xxu|||||s|||||000 | eng d | ||
| 040 |
_aPGUSA _beng |
||
| 042 | _adc | ||
| 050 | 4 | _aPT | |
| 100 | 1 |
_aHeine, Heinrich, _d1797-1856 |
|
| 245 | 1 | 0 |
_aDe Beurs Lacht _h[electronic resource] / _cHeinrich Heine |
| 260 |
_bProject Gutenberg, _c2001 |
||
| 506 | _aPublic domain in the USA. | ||
| 516 | _aElectronic text | ||
| 653 | _aStock exchanges -- France -- Paris -- History -- 19th century | ||
| 830 | 0 |
_aProject Gutenberg _v2838 |
|
| 856 | 4 | 0 | _uhttp://www.gutenberg.org/ebooks/2838 |
| 942 | _cEB | ||
| 999 |
_c232170 _d232170 |
||